000 00244nam a22000977a 4500
999 _c11444
_d11444
008 190524b ||||| |||| 00| 0 eng d
020 _a9789380058290
100 _aMind Fuels
_97167
245 _aKrast in Einigkeit
260 _aNew Delhi
_bMind Fuels